Loading...
Fine Arts - Classical Music | 0 | 10 | 1 | 3 | 95 | 87 | 117.50 | 1 | 2 |
History - World History | 0 | 10 | 2 | 0 | 90 | 43 | 93.40 | 2 | 4 |
Any History | 0 | 7 | 1 | 0 | 65 | 83 | 98.57 | 0 | 1 |
Literature - World Literature | 0 | 4 | 0 | 0 | 40 | 100 | 119.50 | 0 | 1 |
Literature - American Literature | 0 | 4 | 1 | 0 | 35 | 102 | 118.00 | 0 | 0 |
History - American History | 0 | 4 | 1 | 1 | 35 | 95 | 114.00 | 0 | 1 |
History - European History | 0 | 4 | 2 | 2 | 30 | 57 | 110.50 | 1 | 2 |
Current Events | 0 | 3 | 0 | 0 | 30 | 88 | 90.00 | 0 | 1 |
Literature - British Literature | 0 | 2 | 0 | 0 | 20 | 122 | 131.50 | 0 | 0 |
Philosophy | 0 | 2 | 0 | 0 | 20 | 82 | 91.00 | 0 | 2 |
Geography | 0 | 2 | 1 | 1 | 15 | 106 | 124.50 | 0 | 0 |
Social Science | 0 | 1 | 0 | 0 | 10 | 78 | 78.00 | 0 | 1 |
Painting & Sculpture | 0 | 1 | 0 | 1 | 10 | 148 | 148.00 | 0 | 0 |
Religion | 0 | 1 | 0 | 0 | 10 | 147 | 147.00 | 0 | 0 |
Science - Physics | 0 | 1 | 0 | 1 | 10 | 121 | 121.00 | 0 | 0 |
Fine Arts - Other Fine Arts | 0 | 1 | 1 | 0 | 5 | 100 | 100.00 | 0 | 1 |
Literature - European Literature | 0 | 1 | 1 | 0 | 5 | 108 | 108.00 | 0 | 0 |
Mythology | 0 | 0 | 1 | 0 | -5 | 0.00 | 0 | 0 |